000 00642nam a2200229Ia 4500
003 OSt
005 20230516142633.0
008 210423s2015 xx 000 0 und d
020 _a978-93-5194-103-3
040 _cAL
041 _aeng
082 _a923.2 MORR
100 _aMORO (Javier)
_9105378
245 _aRed sari: dramatized biography of sonia ganghi
_cHEARN (Peter J) Tr
260 _aNew Delhi
_bLotus Collection
_c2015
300 _aviii,429
_bPB
365 _b395
_cINR
650 _aBiography
_9105379
650 _aBiography
_9105379
906 _abiography ; dramatized ; ganghi ; Red ; sari: ; sonia
942 _2ddc
_cBK
999 _c166382
_d166382